Society in India (Record no. 2371)

MARC details
000 -LEADER
fixed length control field 00286nam a2200133Ia 4500
008 - FIXED-LENGTH DATA ELEMENTS--GENERAL INFORMATION
fixed length control field 230523s9999 xx 000 0 und d
082 ## - DEWEY DECIMAL CLASSIFICATION NUMBER
Classification number 304.20954 AHU
100 ## - MAIN ENTRY--PERSONAL NAME
Main Author Name Ahuja, Ram
245 #0 - TITLE STATEMENT
Title Society in India
260 ## - PUBLICATION, DISTRIBUTION, ETC.
Place of publication Jaipur
260 ## - PUBLICATION, DISTRIBUTION, ETC.
publisher Name Rawat Pub.
260 ## - PUBLICATION, DISTRIBUTION, ETC.
Date of publication 2013
942 ## - ADDED ENTRY ELEMENTS (KOHA)
Koha item type Text Books
Holdings
Lost status Not for loan Home library Current library Date last seen Koha item type School Total Checkouts Full call number Barcode Cost, replacement price Price effective from Withdrawn status Date acquired Source of acquisition Cost, normal purchase price Discount Bill Date Bill No
    BGU Central Library BGU Central Library 23/05/2023 Text Books School of Management   304.20954 AHU B1115 275.00 23/05/2023   19/11/2014 AK Mishra Agencies, Bhubaneswar 275.00   2014-11-18 1890

Maintained and Designed by
2cqr automation private limited, Chennai. All Rights Reserved.

You are Visitor Number

PHP Hits Count